[Event "BL 0607 SV Wattenscheid - SC Remagen"]
[Site "?"]
[Date "2007.04.01"]
[Round "15.3"]
[White "Popovic, Petar"]
[Black "Appel, Ralf"]
[Result "*"]
[BlackElo "2507"]
[EventDate "2007.??.??"]
[PlyCount "76"]
[WhiteElo "2483"]

1. e4 c5 2. Nf3 Nc6 3. d4 cxd4 4. Nxd4 Nf6 5. Nc3 Qb6 6. Nb3 e6 7. Bd3 Be7 8. Be3 Qc7 9. f4 d6 10. Qf3 a6 11. O-O O-O 12. g4 b5 13. Qh3 h6 14. g5 hxg5 15. fxg5 Nh7 16. e5 g6 17. exd6 Qxd6 18. Ne4 Qe5 19. Bd2 b4 20. Rae1 Qh8 21. Qg2 Bd7 22. Nec5 Be8 23. Nxa6 Qxb2 24. Nc7 Rc8 25. Nxe8 Rfxe8 26. Bb5 Qxc2 27. Rc1 Qxa2 28. Bxc6 Qxb3 29. Bxe8 Rxe8 30. Rc7 e5 31. Qc6 Rd8 32. Rxe7 Rxd2 33. Qc8+ Nf8 34. Qg4 Qe3+ 35. Kh1 Rf2 36. Rxf2 Qxf2 37. Qd1 Qf5 38. Rb7 Qe4+  *

[Event "BL 0607 SV Wattenscheid - SC Remagen"]
[Site "?"]
[Date "2007.04.01"]
[Round "15.4"]
[White "Holzke, Frank Dr"]
[Black "Bindrich, Falko"]
[Result "1/2-1/2"]
[BlackElo "2482"]
[EventDate "2007.??.??"]
[PlyCount "186"]
[WhiteElo "2461"]

1. e4 e5 2. Nf3 Nc6 3. d4 exd4 4. Nxd4 Bc5 5. Nxc6 Qf6 6. Qd2 dxc6 7. Nc3 Ne7 8. Qf4 Qd6 9. Be3 Bxe3 10. Qxe3 O-O 11. Bc4 b5 12. Be2 f5 13. e5 Qb4 14. a3 Qa5 15. Qc5 Re8 16. Bh5 g6 17. Bf3 Qb6 18. Qxb6 axb6 19. O-O-O Be6 20. Ne2 Bd5 21. Bxd5+ cxd5 22. Nd4 Ra5 23. b4 Rxa3 24. Nxb5 Ra4 25. Nxc7 Rc8 26. Ne6 Nc6 27. Nf4 Nxb4 28. Kb2 Ra2+ 29. Kb3 Raxc2 30. Kxb4 R2c4+ 31. Kb5 Rxf4 32. f3 Rfc4 33. Rxd5 R8c5+ 34. Rxc5 Rxc5+ 35. Kxb6 Rxe5 36. Kc6 Kg7 37. g4 Re3 38. gxf5 gxf5 39. Kd5 Kf6 40. f4 Rf3 41. Kd4 h5 42. Ra1 Rxf4+ 43. Ke3 Kg5 44. Ra2 Rb4 45. Kf3 Rb3+ 46. Kg2 Rd3 47. Rb2 Kg4 48. Rb4+ f4 49. h3+ Kf5 50. Rb5+ Ke4 51. Rxh5 Rd2+ 52. Kg1 Kf3 53. Rf5 Rd1+ 54. Kh2 Rd2+ 55. Kg1 Rg2+ 56. Kf1 Rh2 57. Kg1 Rg2+ 58. Kf1 Ra2 59. Kg1 Ra1+ 60. Kh2 Ra4 61. Kg1 Ra8 62. Rf7 Rg8+ 63. Kf1 Rb8 64. Kg1 Rb1+ 65. Kh2 Rb2+ 66. Kg1 Kg3 67. Rg7+ Kf3 68. Rf7 Rb1+ 69. Kh2 Rf1 70. Ra7 Re1 71. Rf7 Ke3 72. Kg2 Re2+ 73. Kg1 Kf3 74. h4 Ra2 75. h5 Rg2+ 76. Kf1 Rh2 77. Kg1 Rxh5 78. Ra7 Re5 79. Kf1 Re3 80. Rh7 Kg3 81. Rg7+ Kf3 82. Rh7 Re8 83. Rh3+ Kg4 84. Ra3 Rb8 85. Kf2 Rb2+ 86. Kf1 Rc2 87. Rb3 Ra2 88. Rc3 Kf5 89. Rb3 Ke4 90. Rb4+ Kf3 91. Rb3+ Kg4 92. Rc3 f3 93. Rc8 Ra1+  1/2-1/2

[Event "BL 0607 SV Wattenscheid - SC Remagen"]
[Site "?"]
[Date "2007.04.01"]
[Round "15.5"]
[White "Mainka, Romuald"]
[Black "Handke, Florian"]
[Result "0-1"]
[BlackElo "2459"]
[EventDate "2007.??.??"]
[PlyCount "62"]
[WhiteElo "2485"]

1. e4 c5 2. Nf3 e6 3. d3 Nc6 4. g3 Nge7 5. Bg2 g6 6. O-O Bg7 7. Re1 d6 8. c3 e5 9. a3 a5 10. a4 O-O 11. Na3 h6 12. Nb5 Na7 13. Nxa7 Rxa7 14. d4 exd4 15. cxd4 b6 16. Be3 Nc6 17. Qd2 Kh7 18. Rad1 Bg4 19. dxc5 dxc5 20. Qxd8 Rxd8 21. Rxd8 Nxd8 22. Nd2 Be6 23. e5 Rd7 24. f4 f6 25. exf6 Bxf6 26. Ne4 Bg7 27. Nc3 Bf8 28. Bf1 Nc6 29. Bb5 Rd6 30. Kf2 Nd4 31. Rd1 Nf5  0-1

[Event "BL 0607 SV Wattenscheid - SC Remagen"]
[Site "?"]
[Date "2007.04.01"]
[Round "15.8"]
[White "Graw, Christopher"]
[Black "Schulz, Klaus-Juergen"]
[Result "1/2-1/2"]
[BlackElo "2393"]
[EventDate "2007.??.??"]
[PlyCount "89"]
[WhiteElo "2160"]

1. d4 d5 2. c4 dxc4 3. Nf3 Nf6 4. e3 e6 5. Bxc4 c5 6. Qe2 a6 7. dxc5 Bxc5 8. O-O Nc6 9. e4 b5 10. Bb3 Bb7 11. Nc3 Qb6 12. e5 Nd7 13. Bf4 Nd4 14. Nxd4 Bxd4 15. Rad1 Bxc3 16. bxc3 Qc6 17. Qg4 O-O-O 18. Rd6 Qe4 19. Rd4 Qg6 20. Qxg6 hxg6 21. Rfd1 Nb6 22. Bg3 Rxd4 23. Rxd4 Rd8 24. Rxd8+ Kxd8 25. f3 Bd5 26. Bf2 Kc7 27. Bd4 Bxb3 28. axb3 a5 29. Kf2 a4 30. bxa4 bxa4 31. Ke2 Kc6 32. Kd3 Nd5 33. g3 Nc7 34. c4 Na6 35. Kc3 g5 36. Be3 f6 37. Bd4 f5 38. h3 g4 39. hxg4 fxg4 40. fxg4 g6 41. Kb2 Nb4 42. Kc3 Na6 43. Kb2 Nb4 44. Kc3 Na6 45. Kb2  1/2-1/2

[Event "BL 0607 SK König-Tegel - SV Wattenschei"]
[Site "?"]
[Date "2007.03.18"]
[Round "13.4"]
[White "Muse, Drazen"]
[Black "Czarnota, Pawel"]
[Result "0-1"]
[BlackElo "2554"]
[EventDate "2007.??.??"]
[PlyCount "80"]
[WhiteElo "2412"]

1. Nf3 Nf6 2. c4 g6 3. Nc3 Bg7 4. g3 O-O 5. Bg2 d6 6. O-O e5 7. d4 Nbd7 8. e4 exd4 9. Nxd4 Re8 10. h3 Nc5 11. Re1 Bd7 12. Nb3 Na4 13. Nxa4 Bxa4 14. Bd2 Nd7 15. Qc2 Ne5 16. Rad1 c5 17. Bc3 Qc7 18. f4 Nc6 19. Bxg7 Kxg7 20. Qc3+ Kg8 21. Rd2 Bxb3 22. axb3 a5 23. Red1 Nd4 24. Rxd4 cxd4 25. Rxd4 Qb6 26. Kh2 a4 27. b4 a3 28. bxa3 Rxa3 29. Qd2 Ra2 30. Qc3 Rea8 31. c5 dxc5 32. bxc5 Qb2 33. Qxb2 Rxb2 34. Rd1 Raa2 35. Rg1 h5 36. h4 Rc2 37. f5 Rxc5 38. fxg6 fxg6 39. Kh3 Rcc2 40. e5 Kf8  0-1

[Event "BL 0607 SK König-Tegel - SV Wattenschei"]
[Site "?"]
[Date "2007.03.18"]
[Round "13.5"]
[White "Appel, Ralf"]
[Black "Tomczak, Rainer"]
[Result "1-0"]
[BlackElo "2323"]
[EventDate "2007.??.??"]
[PlyCount "101"]
[WhiteElo "2507"]

1. Nf3 Nf6 2. g3 e6 3. Bg2 d5 4. O-O Be7 5. d3 O-O 6. Nbd2 b6 7. b3 Bb7 8. Bb2 c5 9. Re1 Nc6 10. e4 Re8 11. h4 Qc7 12. Qe2 dxe4 13. dxe4 e5 14. c3 Rad8 15. Bf1 Bf8 16. Qd1 h6 17. Qc2 a6 18. a4 Na5 19. Bc1 g6 20. Rb1 Bg7 21. Rb2 Nc6 22. Nh2 Na7 23. Ra2 Re7 24. Qb1 Nc6 25. Be2 Na5 26. Ng4 Nxg4 27. Bxg4 h5 28. Be2 Nc6 29. Nc4 Red7 30. Bg5 f6 31. Bc1 Ne7 32. a5 b5 33. Nb6 Rd6 34. c4 b4 35. Nd5 Nxd5 36. cxd5 f5 37. Bc4 fxe4 38. Qxe4 Qf7 39. Bg5 R8d7 40. Rd1 Kh7 41. Rad2 Qf5 42. f3 Qh3 43. Rg2 Rf7 44. Rd3 Bc8 45. g4 Rf4 46. Bxf4 exf4 47. Qe7 hxg4 48. Qxd6 Bf5 49. h5 g5 50. fxg4 f3 51. Qg3  1-0

[Event "BL 0607 SK König-Tegel - SV Wattenschei"]
[Site "?"]
[Date "2007.03.18"]
[Round "13.6"]
[White "Von Herman, Ulf"]
[Black "Holzke, Frank Dr"]
[Result "0-1"]
[BlackElo "2461"]
[EventDate "2007.??.??"]
[PlyCount "56"]
[WhiteElo "2364"]

1. d4 Nf6 2. c4 g6 3. Nc3 d5 4. cxd5 Nxd5 5. Qa4+ Nc6 6. Qb3 Be6 7. Qd1 Nb6 8. e3 Bg7 9. Bb5 O-O 10. Nf3 Bg4 11. O-O e5 12. Bxc6 bxc6 13. h3 Bxf3 14. Qxf3 exd4 15. exd4 Qxd4 16. Qxc6 Qc4 17. Qxc4 Nxc4 18. Rb1 Rfd8 19. Rd1 Bxc3 20. Rxd8+ Rxd8 21. bxc3 Rd1+ 22. Kh2 Nb6 23. a4 f6 24. a5 Nd7 25. g4 a6 26. Rb7 Rxc1 27. Rxc7 Ne5 28. f4 Nd3  0-1

[Event "BL 0607 SK König-Tegel - SV Wattenschei"]
[Site "?"]
[Date "2007.03.18"]
[Round "13.7"]
[White "Handke, Florian"]
[Black "Pachow, Joerg"]
[Result "1-0"]
[BlackElo "2290"]
[EventDate "2007.??.??"]
[PlyCount "63"]
[WhiteElo "2459"]

1. d4 d6 2. e4 e5 3. Nf3 exd4 4. Qxd4 Nc6 5. Bb5 Bd7 6. Bxc6 bxc6 7. O-O Ne7 8. Re1 f6 9. Nc3 Ng6 10. Qc4 Qb8 11. b4 a5 12. bxa5 Qa7 13. Bd2 Qxa5 14. Rab1 Be7 15. Qb3 Qa6 16. a4 Nf8 17. Nd4 c5 18. Nd5 Bd8 19. Nf5 Ne6 20. a5 O-O 21. Nf4 Kf7 22. Nxg7 c4 23. Qh3 Kxg7 24. Nxe6+ Bxe6 25. Qxe6 d5 26. Qd7+ Rf7 27. Bh6+ Kxh6 28. Qxf7 d4 29. e5 Qxa5 30. e6 Rb8 31. e7 Bxe7 32. Qxe7  1-0

[Event "BL 0607 SK König-Tegel - SV Wattenschei"]
[Site "?"]
[Date "2007.03.18"]
[Round "13.8"]
[White "Lipinsky, Fabian"]
[Black "Dinstuhl, Volkmar Dr"]
[Result "0-1"]
[BlackElo "2426"]
[EventDate "2007.??.??"]
[PlyCount "55"]
[WhiteElo "2357"]

1. d4 Nf6 2. c4 e6 3. Nf3 c5 4. d5 exd5 5. cxd5 d6 6. Nc3 g6 7. e4 a6 8. a4 Bg4 9. Qb3 Bxf3 10. gxf3 Nbd7 11. Qxb7 Bg7 12. Qc6 O-O 13. Qxd6 Nh5 14. f4 Re8 15. Bg2 Ra7 16. a5 Qh4 17. Ne2 Rc8 18. e5 Bf8 19. Qb6 Nxb6 20. axb6 Rb7 21. Rxa6 Qd8 22. d6 Rxb6 23. Ra7 Bxd6 24. exd6 Rxd6 25. O-O Rd1 26. Nc3 Rxf1+ 27. Bxf1 Qh4 28. Bc4  0-1

[Event "BL 0607 SC Kreuzberg - Solinger SG"]
[Site "?"]
[Date "2007.03.18"]
[Round "13.4"]
[White "Tischbierek, Raj"]
[Black "Naumann, Alexander"]
[Result "0-1"]
[BlackElo "2542"]
[EventDate "2007.??.??"]
[PlyCount "86"]
[WhiteElo "2486"]

1. d4 d5 2. c4 c6 3. cxd5 cxd5 4. Nc3 Nf6 5. Bf4 Nc6 6. e3 Bf5 7. Nf3 e6 8. Bb5 Nd7 9. Qb3 Be7 10. O-O O-O 11. Rfc1 Na5 12. Qa4 Nc4 13. Bxd7 Nb6 14. Qb3 Qxd7 15. Ne5 Qd8 16. a4 f6 17. Nf3 g5 18. Bg3 Nc4 19. Qxb7 Na5 20. Qb5 a6 21. Qe2 Nb3 22. h4 g4 23. Nh2 h5 24. f3 gxf3 25. Qxf3 Rf7 26. Qxh5 Bd6 27. Qf3 Bxg3 28. Qxg3+ Rg7 29. Qf3 Nxa1 30. Rxa1 Rb8 31. Ra2 Qd6 32. Nf1 Rf8 33. Kf2 Bd3 34. Ng3 f5 35. Nh5 Be4 36. Qf4 Rxg2+ 37. Kf1 Qxf4+ 38. Nxf4 Rc2 39. Nxe6 Bd3+ 40. Ke1 Re8 41. Nf4 Rxe3+ 42. Kd1 Rf2 43. Ncxd5 Bc2+  0-1

[Event "BL 0607 SC Kreuzberg - Solinger SG"]
[Site "?"]
[Date "2007.03.18"]
[Round "13.5"]
[White "Hoffmann, Michael"]
[Black "Volke, Karsten"]
[Result "1/2-1/2"]
[BlackElo "2478"]
[EventDate "2007.??.??"]
[PlyCount "33"]
[WhiteElo "2477"]

1. e4 e5 2. Nf3 Nc6 3. Bb5 Nf6 4. O-O Nxe4 5. d4 Nd6 6. Bxc6 dxc6 7. dxe5 Nf5 8. Qxd8+ Kxd8 9. Nc3 Ne7 10. h3 h6 11. Ne4 b6 12. Rd1+ Ke8 13. Bf4 Bf5 14. Re1 Nd5 15. Bg3 c5 16. a3 Be6 17. Rad1  1/2-1/2

[Event "BL 0607 SC Kreuzberg - Solinger SG"]
[Site "?"]
[Date "2007.03.18"]
[Round "13.6"]
[White "Paehtz, Elisabeth"]
[Black "Smeets, Jan"]
[Result "1-0"]
[BlackElo "2525"]
[EventDate "2007.??.??"]
[PlyCount "81"]
[WhiteElo "2449"]

1. e4 e5 2. Nf3 Nc6 3. Nc3 Nf6 4. d4 exd4 5. Nxd4 Bb4 6. Nxc6 bxc6 7. Bd3 d5 8. exd5 Qe7+ 9. Qe2 cxd5 10. Qxe7+ Kxe7 11. a3 Bc5 12. O-O Be6 13. Re1 Rhc8 14. Bg5 Kf8 15. Rad1 Rab8 16. b4 Be7 17. Ba6 Rd8 18. Be3 c6 19. Na4 Bc8 20. Bf1 Bf5 21. Re2 Nd7 22. Red2 a5 23. bxa5 Bxa3 24. a6 Ke7 25. Re1 Be6 26. Bg5+ Nf6 27. Ra1 Bb4 28. Rd3 Ra8 29. Rb3 c5 30. c3 d4 31. cxb4 Bxb3 32. Nxc5 Bc2 33. b5 Kd6 34. Nb7+ Kc7 35. Nxd8 Rxd8 36. Rc1 d3 37. Bxd3 Rxd3 38. Rxc2+ Kb6 39. g3 Kxb5 40. Bxf6 gxf6 41. a7  1-0

[Event "BL 0607 SG Köln Porz - Werder Bremen"]
[Site "?"]
[Date "2007.03.18"]
[Round "13.2"]
[White "Lutz, Christopher"]
[Black "Efimenko, Zahar"]
[Result "1/2-1/2"]
[BlackElo "2612"]
[EventDate "2007.??.??"]
[PlyCount "131"]
[WhiteElo "2580"]

1. e4 c5 2. Nf3 d6 3. d4 cxd4 4. Nxd4 Nf6 5. Nc3 a6 6. Be3 e5 7. Nb3 Be6 8. f3 Nbd7 9. Qd2 b5 10. O-O-O Rc8 11. Kb1 Be7 12. g4 Nb6 13. g5 Nh5 14. Rg1 O-O 15. Qf2 Nc4 16. Bxc4 Rxc4 17. Nd5 Bxd5 18. Rxd5 g6 19. Rdd1 Qd7 20. c3 Qe6 21. Qd2 Rfc8 22. Qd5 Qxd5 23. Rxd5 f6 24. gxf6 Nxf6 25. Rd3 Nh5 26. Kc2 Kf7 27. Ra1 Ke6 28. Nd2 R4c6 29. b4 Nf4 30. Bxf4 exf4 31. a4 Rxc3+ 32. Rxc3 Rxc3+ 33. Kxc3 Bf6+ 34. Kd3 Bxa1 35. axb5 axb5 36. Nb1 Kd7 37. Na3 Kc6 38. Kc2 h5 39. h3 Bf6 40. Kd3 Bb2 41. Nb1 g5 42. Kc2 Bg7 43. Kd3 Bf6 44. Nd2 Bb2 45. Nb3 Kd7 46. Kc2 Bf6 47. Kd3 Ke6 48. Na5 Bd8 49. Nb3 Bf6 50. Na5 Kd7 51. Nb3 Bh8 52. Na5 Bg7 53. Nb3 Bf6 54. Na5 Bd8 55. Nb3 Bb6 56. Nd2 Bf2 57. Nb1 Be1 58. Na3 Kc6 59. Nc2 Bf2 60. Ke2 Ba7 61. Kd3 Bb6 62. Na3 Bd8 63. Nb1 Bf6 64. Nd2 Be7 65. Nb3 Bf6 66. Nd2  1/2-1/2

[Event "BL 0607 SG Köln Porz - Werder Bremen"]
[Site "?"]
[Date "2007.03.18"]
[Round "13.4"]
[White "Graf, Alexander"]
[Black "Hracek, Zbynek"]
[Result "1/2-1/2"]
[BlackElo "2614"]
[EventDate "2007.??.??"]
[PlyCount "80"]
[WhiteElo "2601"]

1. d4 Nf6 2. c4 e6 3. Nf3 b6 4. g3 Ba6 5. b3 Bb4+ 6. Bd2 Be7 7. Bg2 c6 8. Bc3 d5 9. Nbd2 Nbd7 10. O-O O-O 11. Re1 c5 12. e4 dxe4 13. Nxe4 Bb7 14. Nxf6+ Bxf6 15. Qd2 cxd4 16. Bxd4 Qc7 17. Rad1 Rfd8 18. Qe3 a6 19. Rd2 b5 20. cxb5 axb5 21. Red1 h6 22. Qe2 b4 23. Qb5 Rdb8 24. Bxf6 Nxf6 25. Qe5 Qxe5 26. Nxe5 Bxg2 27. Kxg2 Nd5 28. Rc1 Rb7 29. Rdc2 Rba7 30. Rc8+ Rxc8 31. Rxc8+ Kh7 32. Rc2 g5 33. Nc4 Kg6 34. a4 bxa3 35. Ra2 Rb7 36. Rxa3 h5 37. Nd2 Rc7 38. Nc4 Rb7 39. Nd2 Rc7 40. Nc4 Rb7  1/2-1/2

[Event "BL 0607 SG Köln Porz - Werder Bremen"]
[Site "?"]
[Date "2007.03.18"]
[Round "13.5"]
[White "Pelletier, Yannick"]
[Black "Sakaev, Konstantin"]
[Result "1/2-1/2"]
[BlackElo "2641"]
[EventDate "2007.??.??"]
[PlyCount "93"]
[WhiteElo "2588"]

1. d4 Nf6 2. c4 e6 3. Nf3 b6 4. g3 Ba6 5. b3 Bb4+ 6. Bd2 Be7 7. Bg2 c6 8. Bc3 d5 9. Ne5 Nfd7 10. Nxd7 Nxd7 11. Nd2 O-O 12. O-O Rc8 13. e4 c5 14. exd5 exd5 15. dxc5 dxc4 16. c6 cxb3 17. Re1 b2 18. Bxb2 Nc5 19. Nc4 Bxc4 20. Qg4 Bg5 21. Qxc4 Nd3 22. Bc3 Nxe1 23. Rxe1 Bf6 24. Bxf6 Qxf6 25. c7 Qd6 26. Rc1 b5 27. Qc5 Qxc5 28. Rxc5 Rfe8 29. Bb7 f6 30. Bxc8 Rxc8 31. Rxb5 Rxc7 32. Ra5 Kf7 33. Ra6 g5 34. g4 Kg6 35. Kg2 Rf7 36. h4 h5 37. hxg5 Kxg5 38. gxh5 Kxh5 39. Kg3 Kg5 40. f4+ Kf5 41. Kf3 Rc7 42. Ra5+ Ke6 43. Ke3 Rc1 44. Rxa7 Kf5 45. Ra4 Rc3+ 46. Kd4 Rf3 47. Rb4  1/2-1/2

[Event "BL 0607 SG Köln Porz - Werder Bremen"]
[Site "?"]
[Date "2007.03.18"]
[Round "13.8"]
[White "Van den Doel, Erik"]
[Black "Fish, Gennadij"]
[Result "1/2-1/2"]
[BlackElo "2529"]
[EventDate "2007.??.??"]
[PlyCount "57"]
[WhiteElo "2578"]

1. e4 c5 2. Nf3 e6 3. d4 cxd4 4. Nxd4 a6 5. Be2 Nf6 6. Nc3 Qc7 7. O-O Nc6 8. Be3 Bb4 9. Na4 d5 10. Nxc6 bxc6 11. exd5 Nxd5 12. Bc5 Bxc5 13. Nxc5 O-O 14. Qd2 e5 15. Bf3 Rb8 16. b3 Qe7 17. Bxd5 cxd5 18. Qxd5 Rb5 19. b4 Rxb4 20. Rfe1 Re8 21. c4 Bb7 22. Nxb7 Qxb7 23. Qxb7 Rxb7 24. Rab1 Rxb1 25. Rxb1 Kf8 26. Rb6 Rc8 27. Rxa6 Rxc4 28. g3 Rc2 29. Kf1  1/2-1/2

[Event "BL 0607 SC Remagen - Hamburger SK"]
[Site "?"]
[Date "2007.03.18"]
[Round "13.1"]
[White "Gustafsson, Jan"]
[Black "Fressinet, Laurent"]
[Result "1/2-1/2"]
[BlackElo "2628"]
[EventDate "2007.??.??"]
[PlyCount "57"]
[WhiteElo "2584"]

1. d4 d5 2. c4 c6 3. Nf3 Nf6 4. e3 e6 5. b3 Nbd7 6. Bd3 Bd6 7. Bb2 b6 8. Nbd2 Bb7 9. O-O O-O 10. Qe2 Qe7 11. Ne5 c5 12. cxd5 exd5 13. Nxd7 Nxd7 14. Ba6 Bc6 15. Bb5 Rac8 16. Rac1 Rfd8 17. Bxc6 Rxc6 18. Nf3 Nf8 19. Rfd1 Ne6 20. g3 Bb8 21. Rc2 Qb7 22. Rdc1 Rdc8 23. Qd1 cxd4 24. Nxd4 Rxc2 25. Rxc2 Rxc2 26. Qxc2 Nxd4 27. Bxd4 Qd7 28. Kg2 f6 29. h3  { =}   1/2-1/2

[Event "BL 0607 SC Remagen - Hamburger SK"]
[Site "?"]
[Date "2007.03.18"]
[Round "13.2"]
[White "Goloshchapov, Alexander"]
[Black "Ftacnik, Lubomir Dr"]
[Result "1/2-1/2"]
[BlackElo "2580"]
[EventDate "2007.??.??"]
[PlyCount "57"]
[WhiteElo "2552"]

1. c4 Nf6 2. Nf3 c5 3. g3 b6 4. Bg2 Bb7 5. Nc3 e6 6. O-O Be7 7. d4 cxd4 8. Qxd4 d6 9. Bg5 a6 10. Bxf6 Bxf6 11. Qf4 O-O 12. Rfd1 Be7 13. Ne4 Bxe4 14. Qxe4 Ra7 15. Nd4 Qc8 16. b3 Bf6 17. a4 Rc7 18. a5 bxa5 19. Rxa5 Rc5 20. Rxc5 dxc5 21. Nc2 Rd8 22. Rd3 Qc7 23. Ne1 Nd7 24. Qc6 Qxc6 25. Bxc6 Ne5 26. Rxd8+ Bxd8  { =}  27. Bb7 a5 28. f4 a4 29. bxa4  { =}   1/2-1/2

[Event "BL 0607 SC Remagen - Hamburger SK"]
[Site "?"]
[Date "2007.03.18"]
[Round "13.5"]
[White "Mueller, Karsten Dr"]
[Black "Bindrich, Falko"]
[Result "0-1"]
[BlackElo "2482"]
[EventDate "2007.??.??"]
[PlyCount "64"]
[WhiteElo "2500"]

1. Nf3 Nf6 2. c4 b6 3. g3 Bb7 4. Bg2 e6 5. O-O Be7 6. b3 O-O 7. Bb2 c5 8. Nc3 d5 9. cxd5 Nxd5 10. Nxd5 Bxd5 11. Re1 Nd7 12. Rc1 Rc8 13. Qc2 Bf6 14. Bc3 Rc7 15. Qb2 Qa8 16. Rc2 Rfc8 17. Rec1 Qb7 18. d3 h6 19. Bxf6 Nxf6 20. e4 Bc6 21. Ne5 Bb5 22. Nc4 Ne8 23. a4 Ba6 24. d4 cxd4 25. e5 Qb8 26. Qxd4 Rc5 27. f4 Bb7 28. b4 R5c7 29. b5 Bxg2 30. Kxg2 Qb7+ 31. Kg1 h5 32. Rc3 Qd5  0-1

[Event "BL 0607 SC Remagen - Hamburger SK"]
[Site "?"]
[Date "2007.03.18"]
[Round "13.8"]
[White "Schulz, Klaus-Juergen"]
[Black "Huschenbeth, Niclas"]
[Result "1-0"]
[BlackElo "2241"]
[EventDate "2007.??.??"]
[PlyCount "73"]
[WhiteElo "2393"]

1. e4 e5 2. Nf3 Nc6 3. Bb5 a6 4. Ba4 Nf6 5. d4 exd4 6. O-O Be7 7. Re1 b5 8. Bb3 d6 9. Bd5 Nxd5 10. exd5 Ne5 11. Nxd4 O-O 12. a4 Bd7 13. Nc3 b4 14. Ne4 f5 15. Nd2 f4 16. N2f3 Bf6 17. Ne6 Bxe6 18. dxe6 Qe7 19. Re4 g5 20. Nxe5 Bxe5 21. Qg4 Kh8 22. Rxb4 Rf6 23. Bd2 Rxe6 24. Re1 Qf7 25. Rbe4 Rae8 26. Kf1 Qg6 27. h4 gxh4 28. Qxg6 Rxg6 29. Bxf4 Reg8 30. Rxe5 dxe5 31. Bxe5+ R8g7 32. Rd1 h6 33. Rd7 Rxg2 34. Rxc7 Rg1+ 35. Ke2 h3 36. Rxg7 Rxg7 37. Kf3  1-0

[Event "BL 0607 OSC Baden Baden - SF Berlin"]
[Site "?"]
[Date "2007.03.18"]
[Round "13.1"]
[White "Polzin, Rainer"]
[Black "Shirov, Alexei"]
[Result "0-1"]
[BlackElo "2720"]
[EventDate "2007.??.??"]
[PlyCount "78"]
[WhiteElo "2480"]

1. e4 e5 2. Nf3 Nc6 3. Bb5 a6 4. Ba4 Nf6 5. O-O Be7 6. Bxc6 dxc6 7. d3 Nd7 8. Nbd2 O-O 9. Nc4 Bf6 10. b4 Qe7 11. Qd2 Nb6 12. Na5 Na4 13. a3 c5 14. c3 b6 15. Nc4 Bg4 16. Ne1 b5 17. Ne3 Be6 18. Qc2 Rfd8 19. Rb1 Rd7 20. c4 c6 21. Bd2 Rad8 22. bxc5 Qxc5 23. Ba5 Rc8 24. Bb4 Qd4 25. Rb3 Qa7 26. Rb1 a5 27. Bd2 Qa6 28. Nf5 g6 29. Nh6+ Kg7 30. h3 Nc5 31. Be3 Be7 32. Qc3 f6 33. f4 b4 34. Qc2 Nxd3 35. Nxd3 Qxc4 36. Qf2 Rxd3 37. fxe5 Rf8 38. Kh1 Qxe4 39. Rbe1 fxe5  0-1

[Event "BL 0607 SC Bann - Bindl-Aktionär"]
[Site "?"]
[Date "2007.03.18"]
[Round "13.5"]
[White "Prusikin, Michael"]
[Black "Muraniy, Karl-Jasmin"]
[Result "1-0"]
[BlackElo "2357"]
[EventDate "2007.??.??"]
[PlyCount "77"]
[WhiteElo "2560"]

1. d4 Nf6 2. Nf3 b6 3. c4 e6 4. g3 Bb4+ 5. Bd2 Qe7 6. Bg2 Bb7 7. O-O Bxd2 8. Qxd2 d6 9. d5 e5 10. Nc3 O-O 11. Nh4 Bc8 12. e4 Ng4 13. Rae1 Nh6 14. f4 Nd7 15. Nf3 f6 16. Bh3 Nc5 17. Bxc8 Raxc8 18. fxe5 fxe5 19. b4 Nd7 20. Nb5 Rf6 21. Nxa7 Rcf8 22. Qe2 Qf7 23. Kg2 Qh5 24. Nb5 R8f7 25. Nxc7 Nf8 26. Ne6 Nxe6 27. dxe6 Rxe6 28. Nh4 Qxe2+ 29. Rxe2 Rc7 30. Rc1 b5 31. Rec2 Ng4 32. Kf3 h5 33. cxb5 Rf6+ 34. Ke2 Ra7 35. b6 Ra3 36. Nf5 d5 37. b7 dxe4 38. b8=Q+ Kh7 39. h3  1-0

[Event "BL 0607 TV Tegernsee - SF Katernberg"]
[Site "?"]
[Date "2007.03.18"]
[Round "13.5"]
[White "Firman, Nazar"]
[Black "Bromberger, Stefan"]
[Result "1-0"]
[BlackElo "2505"]
[EventDate "2007.??.??"]
[PlyCount "79"]
[WhiteElo "2495"]

1. d4 d5 2. Nf3 Nf6 3. Bg5 e6 4. Nbd2 Be7 5. Bxf6 Bxf6 6. e4 O-O 7. c3 c5 8. dxc5 Nd7 9. exd5 exd5 10. Nb3 Nxc5 11. Nxc5 Qe7+ 12. Be2 Qxc5 13. O-O Bg4 14. Nd4 Bxe2 15. Nxe2 Rfe8 16. Nc1 d4 17. Nb3 Qb6 18. c4 Qe6 19. Rc1 Qe2 20. Rc2 d3 21. Rd2 Qe4 22. Rxd3 Qxc4 23. Rd2 Rad8 24. Re1 Rxe1+ 25. Qxe1 Rc8 26. g3 g6 27. Qd1 b6 28. Qf3 Kg7 29. Kg2 Rc7 30. Re2 a5 31. Nd2 Qxa2 32. b3 Qa1 33. Re8 Qc3 34. Qe2 Qc6+ 35. Nf3 Qd5 36. h4 h5 37. Rb8 Rc3 38. Rxb6 Rxb3 39. Ra6 Ra3 40. Rxf6  1-0

[Event "BL 0607 TV Tegernsee - SF Katernberg"]
[Site "?"]
[Date "2007.03.18"]
[Round "13.6"]
[White "Boensch, Uwe"]
[Black "Senff, Martin"]
[Result "1-0"]
[BlackElo "2449"]
[EventDate "2007.??.??"]
[PlyCount "51"]
[WhiteElo "2524"]

1. d4 d5 2. c4 e6 3. Nc3 Be7 4. Nf3 Nf6 5. Bg5 h6 6. Bxf6 Bxf6 7. e3 O-O 8. Qb3 dxc4 9. Bxc4 c5 10. dxc5 Nd7 11. c6 bxc6 12. O-O Rb8 13. Qc2 Qa5 14. Rab1 Ne5 15. Nxe5 Bxe5 16. Ne4 c5 17. f4 Bc7 18. Rf3 Rd8 19. Rg3 Kf8 20. Rf1 f5 21. Nc3 Rb6 22. e4 Rbd6 23. Qe2 Bd7 24. Re1 fxe4 25. Qxe4 Rd4 26. Qh7  1-0

[Event "BL 0607 TV Tegernsee - SF Katernberg"]
[Site "?"]
[Date "2007.03.18"]
[Round "13.7"]
[White "Siebrecht, Sebastian"]
[Black "Hertneck, Gerald"]
[Result "1-0"]
[BlackElo "2520"]
[EventDate "2007.??.??"]
[PlyCount "105"]
[WhiteElo "2463"]

1. d4 Nf6 2. Nf3 e6 3. e3 b6 4. Bd3 Bb7 5. O-O c5 6. c4 Be7 7. Nc3 a6 8. b3 cxd4 9. Nxd4 d6 10. Qe2 Nbd7 11. Bb2 Qc7 12. Rac1 O-O 13. f4 Nc5 14. Bb1 Nce4 15. Nxe4 Nxe4 16. Qg4 Nf6 17. Qh3 Rfe8 18. e4 e5 19. Nf5 Bf8 20. Ne3 Bxe4 21. Nd5 Qc5+ 22. Kh1 Bxb1 23. Nxf6+ gxf6 24. Rxb1 Bg7 25. Rf3 exf4 26. Rxf4 Re6 27. Rbf1 Rae8 28. Bd4 Qa5 29. Qg3 Kh8 30. h3 Qxa2 31. Rg4 Qe2 32. Rf2 Qd1+ 33. Kh2 Re1 34. Qf4 Qc1 35. Qxf6 Rh1+ 36. Kg3 Qe3+ 37. Kh4 Qxd4 38. Qxf7 Rg8 39. Rxd4 Bxd4 40. Rf4 Bg7 41. Rg4 Re1 42. Rg5 Re4+ 43. g4 Re3 44. Rf5 Bc3 45. g5 Rge8 46. Kg4 Be1 47. Qf6+ Kg8 48. Qxd6 Rg3+ 49. Kf4 Rxb3 50. Qd5+ Kh8 51. Rf7 Bg3+ 52. Kg4 Be5 53. Qd7  1-0

[Event "BL 0607 SC Eppingen - SV Mülheim Nord"]
[Site "?"]
[Date "2007.03.18"]
[Round "13.2"]
[White "Balogh, Csaba"]
[Black "Landa, Konstantin"]
[Result "1/2-1/2"]
[BlackElo "2570"]
[EventDate "2007.??.??"]
[PlyCount "69"]
[WhiteElo "2616"]

1. e4 c5 2. Nf3 e6 3. d4 cxd4 4. Nxd4 a6 5. Bd3 Bc5 6. Nb3 Ba7 7. Qg4 Nf6 8. Qg3 d6 9. Nc3 Nc6 10. Bg5 h6 11. Bd2 Nh5 12. Qf3 Qh4 13. g3 Ne5 14. Qe2 Qg4 15. O-O-O Qxe2 16. Bxe2 Nf6 17. f3 Ke7 18. h3 Nc6 19. f4 b5 20. Bf3 Bb7 21. Rhe1 Nd4 22. Nxd4 Bxd4 23. g4 Rac8 24. Bh1 Nd7 25. Kb1 Ba8 26. Ne2 Bb6 27. Nc1 Nc5 28. Bc3 Rhg8 29. Re2 g5 30. f5 e5 31. Nd3 Rc7 32. Nxc5 Bxc5 33. Ba5 Rb7 34. Be1 b4 35. Bf3  1/2-1/2

[Event "BL 0607 SC Eppingen - SV Mülheim Nord"]
[Site "?"]
[Date "2007.03.18"]
[Round "13.4"]
[White "Meier, Georg"]
[Black "Saltaev, Mihail"]
[Result "1-0"]
[BlackElo "2512"]
[EventDate "2007.??.??"]
[PlyCount "69"]
[WhiteElo "2484"]

1. e4 c6 2. d4 d5 3. exd5 cxd5 4. c4 Nf6 5. Nc3 Nc6 6. Nf3 Bg4 7. cxd5 Nxd5 8. Qb3 Bxf3 9. gxf3 e6 10. Qxb7 Nxd4 11. Bb5+ Nxb5 12. Qc6+ Ke7 13. Qxb5 Qd7 14. Nxd5+ Qxd5 15. Bg5+ f6 16. Qxd5 exd5 17. Be3 Ke6 18. O-O-O Bb4 19. a3 Rhc8+ 20. Kb1 Bc5 21. Rhe1 Bxe3 22. Rxe3+ Kd6 23. Rde1 Rc4 24. Re7 Rh4 25. R1e6+ Kc5 26. Rxg7 Rxh2 27. Rxf6 h5 28. Kc2 Rh4 29. b4+ Kd4 30. Rf5 Rc8+ 31. Kb3 Rc3+ 32. Ka4 Rd3 33. Rd7 Kc4 34. Rc7+ Kd4 35. Rc5  1-0